000 00602nam a2200181Ia 4500
003 GCL
008 140319s9999 xx 000 0 ara d
040 _aGCL /
_cGCL
082 0 4 _a250
_bب م
100 1 _aبلحاج العرب
245 1 0 _aالمدخل لدراسة التشريع الاسلامى : التعريف بالفقة الاسلامى ومصادرها وتاريخه /
_cبلحاج العرب
700 1 _aبلحاج العربى
300 _a265
490 _aكتاب
_v0
650 0 4 _aالشريعة الاسلامية
650 0 4 _aالفقه الاسلامى
942 _2ddc
_cBK
999 _c42114
_d42114